Géographie de l'Europe par lettre - A - Statistiques

Statistiques générales
  • Ce quiz a été pris 578 fois
    572 depuis la dernière actualisation
  • Le résultat moyen est 12 sur 20
Statistiques - réponses
Indice Réponse % Correct
Capitale des Pays-Bas Amsterdam
100%
Chaîne de montagne d'Europe occidentale Alpes
95%
Océan marquant la frontière ouest du continent Atlantique
94%
Région du sud de l'Espagne Andalousie
91%
Pays des Pyrénées, situé entre la France et l'Espagne Andorre
89%
Nation constitutive du Royaume-Uni Angleterre
88%
Pays germanophone situé au cœur de celle-ci Autriche
85%
Mer située entre l'Italie et les Balkans Adriatique
76%
Ville la plus peuplée de Belgique Anvers
75%
Massif forestier partagé surtout entre la France et la Belgique Ardennes
74%
Archipel portugais situé dans le dit océan Açores
68%
Océan marquant la frontière nord du continent Arctique
68%
Ancienne province du sud-ouest de la France, homonyme de son eau-de-vie Armagnac
40%
Région du sud du Portugal Algarve
29%
Important affluent de la Loire Allier
23%
Commune italienne à la côte renommée Amalfi
18%
Région d'Italie méridionale Abbruzzes
15%
Péninsule de la capitale grecque Attique
15%
Archipel finlandais de la mer baltique Åland
14%
Montagne du nord de la Grèce, siège d'une communauté monastique Athos
13%
Aucun quiz correspondant
Distribution des résultats
% des personnes avec chaque résultat
Percentile par nombre de réponses
Votre historique - résultats
Vous n’avez pas pris ce quiz depuis la dernière actualisation